Tiktok sportlich - Zahide - Statistiken

Allgemein
  • Dieses Quiz wurde 71 mal gespielt
  • Das Durchschnittsergebnis liegt bei 57 aus 197
Antwortstatistiken
Antwort % Korrekt
Z-A-H-I-D-E
79%
Tiktok
75%
(Tiktok)
75%
(sportlich)
64%
Ich
57%
ich
57%
Du
54%
du
54%
auf
46%
mein
46%
Kreuzberg
43%
Lunatix
43%
Wir
43%
hab
41%
Hab
41%
ihr
41%
Ihr
41%
meine
41%
ein
39%
Fam
39%
komm
39%
mir
39%
nicht
39%
Tänze
39%
aus
38%
die
38%
im
38%
Im
38%
in
38%
Lamborghini
38%
besser
36%
hinter
36%
wo
36%
Dubai
34%
kennst
34%
leb
34%
(Na)
34%
(na)
34%
nein
34%
(nein)
34%
36
32%
das
32%
Das
32%
der
32%
seid
32%
zu
32%
Clique
30%
For-You-Page
30%
jetzt
30%
aufgebaut
29%
bleibt
29%
Mit
29%
sag
29%
Davon
27%
euch
27%
euer
27%
geträumt
27%
Hollywood-Life
27%
quatsch
27%
Respekt
27%
sind
27%
so
27%
Trends
27%
hört
25%
setzen
25%
mein’n
23%
Nam’n
23%
am
21%
wart
21%
fresh
20%
gekomm’n
20%
hab’n
20%
ist
20%
quatschen
20%
Alle
18%
alle
18%
Dress
18%
gegang’n
18%
gesegnet
18%
gewollt
18%
impress
18%
to
18%
weißt
18%
bist
16%
cap
16%
(cap)
16%
fliegen
16%
Game
16%
kommt
16%
leicht
16%
stop
16%
(stop)
16%
blessed
14%
Dieses
14%
Mad
14%
the
14%
(the)
14%
yappen
13%
Aber
11%
aber
11%
bitte
11%
Bro
11%
Er
11%
hörst
11%
frech
9%
mich
9%
Fa-fahr’n
7%
Internet
7%
macht
7%
night
7%
nix
7%
over
7%
Sound
7%
echt
4%
frag
4%
Psch
4%
sieht
4%
zwanzig
4%
Million’n
2%
Keine übereinstimmenden Quizze gefunden
Verteilung der Resultate
Anzahl Personen mit jedem Resultat
Perzentil nach korrekt beantworteten Fragen
Ihre Resultats-Entwicklung
Sie haben dieses Quiz noch nicht gespielt